Normal view
MARC view
- Branson, E.B
Entry Personal Name
001 - CONTROL NUMBER
- control field: 40161
003 - CONTROL NUMBER IDENTIFIER
- control field: NUST
005 - DATE AND TIME OF LATEST TRANSACTION
- control field: 20210314131700.0
008 - FIXED-LENGTH DATA ELEMENTS
- fixed length control field: 210314|| aca||aabn | a|a d
040 ## - CATALOGING SOURCE
- Original cataloging agency: NUST
- Transcribing agency: NUST
100 ## - HEADING--PERSONAL NAME
- Personal name: Branson, E.B
670 ## - SOURCE DATA FOUND
- Source citation: Work cat.: (NUST): Branson, E.B, Introduction to geology, 1952
